000 00516nam a2200169Ia 4500
005 20250923145125.0
008 008 250917s9999 xx 000 0 eng d
037 _aTextual
040 _aDSWL
_beng
_cDSWL
041 _aeng
_2eng
084 _aYX,A, N68
_qDSWL
245 0 _aGuide book on family and child welfare
_cby Central Social Welfare Board
260 _aNew Delhi
_b W.B.Parliament Street
_c1968
300 _aviii,391 p.
942 _cTEXL
_hYX,A, N68
999 _c1447443
_d1447443